MDQL
is popping MORE tags! Check the
thread
!
Quizzes
Events
Quiz Creation
Community
Videos
Private Events
Remove Ads
Sign In
Join for FREE
Feedback
Dark Mode
Quiz Categories
Sports
Geography
Music
Movies
Television
Just For Fun
Miscellaneous
History
Literature
Language
Science
Gaming
Entertainment
Religion
Holiday
For Kids
Quiz Lab
Recent
Popular Today
Quiz Kudos Today
Editor Picks
Curator Picks
Quizzes by...
Day
Popularity
Type
Ratings
Length
Year
Community
Subscriptions
Recent Discussions
Orange Saloon
Badges
Playlists
Quests
Create
Leaderboards
Showdown
Live 5
Trivia Bingo
Activity
Puzzle Library
Sporcle Events
Private Events
Virtual Trivia
Globe League
Become a Host
Pub Owners
SporcleCon
Opinionation
Our Games
Videos
Blog
Mobile Apps
Partnerships
Remove Ads and Go Orange
Feedback
Television
TV Characters
TV Show
Sitcom
Network
Friends
Reality Shows
Cast
South Park
Star Trek
The Simpsons
Doctor Who
Television
TV Characters
TV Show
Sitcom
Network
Friends
Reality Shows
Cast
South Park
Star Trek
The Simpsons
Doctor Who
Random Quiz
Search Sporcle
×
Quiz Lab
Quiz Lab
Television
Actor
Type in answers that appear in a list
Type in answers that appear in a list
Classic
Best Score? Go Orange.
24 Characters Stats
Can you name the characters from 24?
By
TheDoctor
10m
42 Questions
329 Plays
329 Plays
329 Plays
Comments
Comments
Give Quiz Kudos
Give Quiz Kudos
-
- Ratings
hide this ad
Replay
Link that replays current quiz
Next Quiz
Link to next quiz in quiz playlist
You Got
0%
They Got
Avg Score
51%
Avg Friend Score
Upgrade to see
Score Distribution
Jump to the score distribution portion of the page
Score
0/42
Timer
10:00
0
Plays Today
Actor
Character
% Correct
Kiefer Sutherland
Jack Bauer
99.4%
Elisha Cuthbert
Kim Bauer
90.9%
Carlos Bernard
Tony Almeida
86%
Mary Lynn Rajskub
Chloe O'Brian
84.5%
Dennis Haysbert
David Palmer
84.5%
Reiko Aylesworth
Michelle Dessler
75.9%
DB Woodside
Wayne Palmer
73.8%
James Morrison
Bill Buchanan
68%
Gregory Itzin
Charles Logan
67.7%
Leslie Hope
Teri Bauer
67.4%
Sarah Clarke
Nina Myers
66.2%
Kim Raver
Audrey Raines
65.2%
Penny Johnson
Sherry Palmer
64.9%
Xander Berkeley
George Mason
63.4%
Cherry Jones
Allison Taylor
63.1%
Annie Wersching
Renee Walker
59.1%
Glenn Morshower
Aaron Pierce
58.5%
Roger R Cross
Curtis Manning
57.3%
Jude Ciccolella
Mike Novick
56.7%
Jean Smart
Martha Logan
51.8%
Carlo Rota
Morris O'Brian
51.5%
Actor
Character
% Correct
James Badge Dale
Chase Edmunds
51.5%
Eric Balfour
Milo Pressman
47.3%
Louis Lombardi
Edgar Styles
44.2%
William Devane
James Heller
42.1%
Sarah Wynter
Kate Warner
40.9%
Paul Schulze
Ryan Chappelle
40.9%
Jayne Atkinson
Karen Hayes
38.7%
Powers Boothe
Noah Daniels
37.2%
Jeffrey Nordling
Larry Moss
32.9%
John Voight
Jonas Hodges
32.9%
Arnold Vosloo
Habib Marwan
29.9%
Marisol Nichols
Nadia Yassir
28.7%
Peter Macnicol
Tom Lennox
28%
Bob Gunton
Ethan Kanin
28%
Alberta Watson
Erin Driscoll
27.4%
Janeane Garofalo
Janis Gold
25.9%
Sprague Grayden
Olivia Taylor
25.6%
Zachary Quinto
Adam Kaufman
24.7%
Rick Schroder
Mike Doyle
21.6%
Shohreh Aghdashloo
Dina Araz
19.5%
Michelle Forbes
Lynn Kresge
12.2%
Quiz Playlist
Details
Report
Send in Message
Add To Playlist
Classic:
Type in answers that appear in a list
Last Updated: Feb 16, 2017
Quiz Scoreboard
CHALLENGE
Sign Up to Join the Scoreboard
Show All
Scores
Hide
Comments
May contain spoilers
Recently Published
Find the 'City' Movie
by crazypaving
Movies
60s
5x2 Blitz: Bands
by SL_Kpop136
Music
30s
Colored Red Africa Blitz
by spor1
Geography
30s
More to Explore
Quiz From the Vault
Featured Blog Post
14 Easter Pick-up Lines to Find Eggs With
hide this ad
You Might Also Like...
Tags
Actor Quiz
Character
Today's Top Quizzes in Television
Browse Television
hide this ad
Today's Top Quizzes in Actor
Browse Actor
Top Contributed Quizzes in Television
1
Survivor Journey Challenge
2
Brooklyn Nine Nine Logic Puzzle (How-To-Play)
3
Phoebe Buffay Quotes
4
One Tree Hill Logic Puzzle
5
Survivor Logic Puzzle: Heroes vs. Villains
6
Survivor Trivia
7
Game of Thrones: Tywin Lannister Start to Finish
8
All US Survivor Seasons in Order
9
Emmerdale Characters (from August 2012)
10
Survivor Trivia #6: Criteria Quiz!
Explore More
Trending Topics
Crossword
Kpop
Marvel
NBA
Harry Potter
Disney
Anime
Puzzle
Soccer
The Office
WWE
Song
Pokémon
Country
NFL
hide this ad
More By:
TheDoctor
Quiz
Plays
Rating
Category
Featured
Created
English Football Club First Names
12,632
4.47
Sports
Oct 3, 2009
Top 200 Football Clubs of the 20th Century
10,053
3.89
Sports
Dec 19, 2009
Cryptic English and Scottish Football
9,072
4.37
Sports
Nov 7, 2009
Red Dwarf Episodes
5,827
4.38
Television
Oct 2, 2009
FA Cup Runners Up
3,134
4.33
Sports
Dec 13, 2009
Go to Creator's Profile
Score Distribution
Quiz Creator Spotlight
TheDoctor
Follow
Send a Message
Quizzes Created
-
Created Quiz Play Count
-
More By This Creator
Popular Quizzes Today
1
Colored Red Africa Blitz
2
Find the 'City' Movie
3
5x2 Blitz: Bands
4
Find the US States - No Outlines Minefield
5
The Countries of the World
6
Find the US States
7
9x9 Crossword: Cartoon Network
8
US States
More Television Quizzes
Squid Game Hierarchy
Quiz Lab
Trending Quizzes
Colored Red Europe Blitz I
Colored Red Africa Blitz II
Colored Red Africa Blitz III
Colored Red Europe Blitz III
Colored Red Europe Blitz II
Recently Updated
Champions League XIs: Real Madrid
pecheneg
Largest US Cities 1790-2010
pecheneg
Rides in Walt Disney World
pecheneg
Most Oscar Losses (Acting)
pecheneg
Beyoncé Albums
pecheneg
Leaping Animals
pecheneg
Reality TV Shows (A-Z)
bhenderson79
Rickey Henderson's Hall of Fame Teammates
pecheneg
Champions League XIs: Arsenal
pecheneg
Quick Pick: Celebrities in WWE's Hall of Fame
aduchscher
Trending Topics
Anime
Crossword
Marvel
Disney
Kpop
NBA
Harry Potter
Pokémon
Puzzle
WWE
Song
NFL
Country
Soccer
The Office
Your Account Isn't Verified!
In order to create a playlist on Sporcle, you need to verify the email address you used during registration. Go to your
Sporcle Settings
to finish the process.
Report this User
Report this user for behavior that violates our
Community Guidelines
.
Details:
Send Report
Go to the Sporcle.com Mobile Site →
Comments